=LDR 00000nam 2200000 4500 =001 001163 =005 20250710114911 =035 ##$$a 0010-0725000045 =007 ta =008 250710################a##########0#ind## =020 ##$$a 978-623-118-823-6 =082 ##$$a 398.209 598 =084 ##$$a 398.209 598 PRI b =100 #$$a Prima duantika =245 1#$$a Bubur pedas arum /$c Prima duantika =250 ##$$a Cetakan pertama =260 ##$$a Rawamangun :$b Badan pengembangan dan pembinaan bahasa,$c 2024 =300 ##$$a 24 hlm. : $b Ilus. ; $c 29,7 cm =650 #4$$a Cerita anak-indonesia =650 #4$$a Cerita bergambar =856 ##$$a TBM As suhada